000
00298nam a22001217a 4500
040
_c
RUA
082
_a
RUA SIR 2011 C160 Or.
100
_a
SIRANET ROEURN,
245
_a
Catalogue Sweet Potato Germplasm in Cambodia
260
_a
PHNOM PENH
_b
RUA
_c
2011
300
_a
65p.
_b
ill.
_c
29cm.
942
_c
REC
999
_c
25509
_d
25509